01586cam a22002653a 45000010005000000030006000050050017000110080041000280400015000690420007000840500007000912450129000982600029002275050729002565060030009855160020010156530031010356530026010666530050010926530047011427000027011897000035012168300028012518560041012794544PGUSA20140828083058.0031001s2003||||xxu|||||s|||||000 | eng d aPGUSAbeng adc 4aBV14aThe Cell of Self-Knowledge :bseven early English mystical treatises printed by Henry Pepwell in 1521h[electronic resource] bProject Gutenberg,c20030 aI. A very devout treatise, named Benjamin, of the mights and virtues of a man's soul, and of the way to true contemplation, comp. by ... Richard of Saint Victor -- II. Divers doctrines devout and fruitful, taken out of the life of that glorious virgin and spouse of Our Lord, Saint Katherin of Seenes -- III. A short treatise of contemplation taught by Our Lord Jesus Christ, or taken out of the book of Margery Kempe, ancress of Lynn -- IV. A devout treatise, comp. by Master Walter Hylton, of the song of angels -- V. A devout treatise called the Epistle of prayer -- VI. A very necessary epistle of discretion in stirrings of the soul -- VII. A devout treatise of discerning of spirits, very necessary for ghostly livers. aPublic domain in the USA. aElectronic text aMysticism -- Great Britain aDevotional literature aMysticism -- History -- Middle Ages, 600-1500 aReligious thought -- Middle Ages, 600-15001 aPepwell, Henry,d-15401 aGardner, Edmund G.,d1869-1935 0aProject Gutenbergv454440uhttp://www.gutenberg.org/ebooks/4544